000 00579nam a2200241Ia 4500
005 20260306150921.0
008 008 260114s9999 xx 000 0 eng d
020 _a9781846154713
037 _aEbook
040 _aCRL
040 _beng
040 _cCRL
041 _2eng
041 _aeng
084 _qCRL
245 4 _aThe Gothic Fiction of Adelaida GarcĂ­a Morales
260 _bBoydell and Brewer
260 _c2006
650 _aLiterary Studies
856 _uhttps://www.degruyter.com/isbn/9781846154713
942 _cEBOOK
999 _c1700724
_d1700724